| 000 | 02540cam a22001934a 4500 | ||
|---|---|---|---|
| 005 | 20250605164408.0 | ||
| 008 | 250528s ||||||||||||||||||||||||d | ||
| 035 | _a24903 | ||
| 020 | _a9789608731042 | ||
| 040 |
_aGR-AtMCL _bgre _dGR-AtMCL _eAACR2 |
||
| 245 | 1 | _aΨυχαναλυτική Διάγνωση / Η Κατανόηση της Δομής της Προσωπικότητας στα Πλαίσια της Κλινικής Διαδικασίας: Αναθωρημένη Έκδοση | |
| 260 |
_bΙψυ, _c2012 |
||
| 300 | _a854 | ||
| 520 | _aΣτο βιβλίο αυτό περιγράφονται οι κεντρικές ψυχαναλυτικές θεωρίες και άμυνες, καθώς και δέκα τυπολογίες προσωπικότητας: η ψυχοπαθητική, η ναρκισσιστική, η σχιζοειδής, η παρανοϊκή, η καταθλιπτική και η μανιακή, η μαζοχιστική, η ιδεοψυχαναγκαστική, η υστερική και η διασχιστική. Πρόλογος, Εισαγωγή, Θεωρητιθκά Ζητήματα, Γιατί Κάνουμε Διάγνωση, Ψυχαναλυτική Διάγνωση του Χαρακτήρα, Εξελικτικά Στάδια Οργάνωσης της Προσωπικότητας, Κλινικές Επιπτώσεις των Εξελικτικών Επιπέδων Οργάνωσης της Προσωπικότητας, Πρωτογενείς Αμυντικές Διεργασίες, Δευτερογενείς Αμυντικές Διεργασίες, Τύποι Οργάνωσης του Χαρακτήρα, Ψυχοπαθητικές (Αντικοινωνικές) Προσωπικότητες, Ναρκισσιστικές Προσωπικότητες, Σχιζοειδείς Προσωπικότητες, Παρανοϊκές Προσωπικότητες, Καταθλιπτικές και Μανιακές Προσωπικότητες, Μαζοχιστικές (Αυτοηττώμενες) Προσωπικότητες, Ιδεοληπτικές και Ψυχαναγκαστικές Προσωπικότητες, Υστερικές (Δραματικές) Προσωπικότητες, Διασχιστικές Ψυχολογίες, Παράρτημα: Προτεινόμενη Μορφή Διαγνωστικής Συνέντευξης, Γλωσσάρι, Βιβλιογραφία. | ||
| 700 | 1 |
_aMcwilliams Nancy _95425 |
|
| 942 | _cBK | ||
| 999 |
_c9738 _d9738 |
||